| 000 | 00541nam a2200157 a 4500 | ||
|---|---|---|---|
| 008 | 120416s0000 ||||||||||||||||| || u | ||
| 020 | _a085274269x | ||
| 050 | _aTK 7874 Gro | ||
| 100 | _aGrovenor, C. R. M | ||
| 245 | 1 | 0 |
_aMicroelectronic Materials _cedited by B. Cantor |
| 260 |
_aBristol _bAdam Hilger _c1989 |
||
| 300 | _ax, 544p. : ill | ||
| 350 | _a0.00 | ||
| 700 | _aCantor, B | ||
| 995 |
_D0.00 _FCBU-MAIN LIBRARY (Kitwe) _H1 _I60.00 _UAVAILABLE _ZMain Library Open Access Collection |
||
| 999 |
_c51128 _d51128 |
||